A hangyák titka [elbeszélés] /

Elmentve itt :
Bibliográfiai részletek
Szerző: Bartóky József
Dokumentumtípus: Cikk
Megjelent: 1942
Sorozat:Gyakorlati pedagógia 7 No. 10
Kulcsszavak:Magyar irodalom - novella, Magyar irodalom - mese
Tárgyszavak:
Online Access:http://acta.bibl.u-szeged.hu/52467
LEADER 00679nab a2200193 i 4500
001 acta52467
005 20250401111547.0
008 180528s1942 hu o 000 hun d
040 |a SZTE Egyetemi Kiadványok Repozitórium  |b hun 
041 |a hun 
100 1 |a Bartóky József 
245 1 2 |a A hangyák titka   |h [elektronikus dokumentum] :  |b [elbeszélés] /  |c  Bartóky József 
260 |c 1942 
300 |a 404 
490 0 |a Gyakorlati pedagógia  |v 7 No. 10 
650 4 |a Bölcsészettudományok 
650 4 |a Nyelvek és irodalom 
695 |a Magyar irodalom - novella, Magyar irodalom - mese 
856 4 0 |u http://acta.bibl.u-szeged.hu/52467/1/gyakorlati_1942_010_404.pdf  |z Dokumentum-elérés